Mar adentro
Se trata de una versión de Condenado a vivir de 2001 y está basada en la historia real de Ramón Sampedro, un escritor y exmarino quien queda tetrapléjico tras un accidente ocurrido durante su juventud y permanece postrado en una cama durante casi 30 años, situación por la que desea morir mediante la...
Guardado en:
| Autor Principal: | |
|---|---|
| Autor Corporativo: | |
| Otros Autores: | , , , |
| Formato: | |
| Idioma: | Undetermined |
| Publicado: |
España :
Fine Line Features,
2004.
|
| Materias: | |
| Etiquetas: |
Agregar Etiqueta
Sin Etiquetas, Sea el primero en etiquetar este registro!
|
| LEADER | 01298ngm a22002655a 4500 | ||
|---|---|---|---|
| 001 | CEM.cems020124 | ||
| 008 | 230522s2004####xx#---############vlund#d | ||
| 005 | 20230522202210.0 | ||
| 245 | 1 | 0 | |a Mar adentro |h [videograbación] / |c Alejandro Amenábar. |
| 260 | |a España : |b Fine Line Features, |c 2004. | ||
| 300 | |a 125'. | ||
| 520 | |a Se trata de una versión de Condenado a vivir de 2001 y está basada en la historia real de Ramón Sampedro, un escritor y exmarino quien queda tetrapléjico tras un accidente ocurrido durante su juventud y permanece postrado en una cama durante casi 30 años, situación por la que desea morir mediante la aplicación de la eutanasia. La película relata la lucha de Sampedro para lograr que la ley reconozca su derecho a morir. | ||
| 590 | |a Identificación anterior:46 | ||
| 538 | |a Soporte: DVD -- Formato: DVD Peso: 4.36gb -- Resolución: 720 x 480 -- 29.97fps | ||
| 100 | 1 | |a Amenábar, Alejandro. | |
| 700 | 1 | |a Gil, Mateo; Guion. | |
| 700 | 1 | |a Bardem, Javier; Reparto. | |
| 700 | 1 | |a Rueda, Belén; Reparto. | |
| 700 | 1 | |a Dueñas, Lola; Reparto. | |
| 710 | 2 | |a Fine Line Features. | |
| 653 | |a LARGOMETRAJE | ||
| 653 | |a FICCIÓN | ||
| 653 | |a DRAMA | ||
| 653 | |a ADAPTACIÓN | ||
| 859 | |a CEMS |b BIB. CEMS - Depto. Recursos Didacticos |h 778.5 |i AME |k DRD |p 3004.23 |t Ej.1 | ||
